Ảnh hưởng của niềm tin vào tương lai phát triển ngành ngân hàng đến tích cực trong hoạt động nghề nghiệp của nhân viên ngân hàng thương mại Việt Nam /

में बचाया:
ग्रंथसूची विवरण
मुख्य लेखक: Lưu Song Hà.
स्वरूप: लेख
भाषा:Vietnamese
विषय:
टैग : टैग जोड़ें
कोई टैग नहीं, इस रिकॉर्ड को टैग करने वाले पहले व्यक्ति बनें!
Thư viện lưu trữ: Thư viện Trường Đại học Đà Lạt
LEADER 00872nam a2200253 4500
001 DLU180186596
005 ##20180831
040 # # |a DLU  |b vie 
041 # # |a vie 
044 # # |a vn 
100 # # |a Lưu Song Hà. 
245 # # |a Ảnh hưởng của niềm tin vào tương lai phát triển ngành ngân hàng đến tích cực trong hoạt động nghề nghiệp của nhân viên ngân hàng thương mại Việt Nam /  |c Lưu Song Hà. 
653 # # |a Ngân hàng thương mại Việt Nam  
653 # # |a Nhân viên ngân hàng 
773 # # |t Tâm lý học  |g Số 1, 2017, tr. 69-78 
920 # # |a Phòng Tạp chí -- Trung tâm Thông tin - Thư viện Trường Đại học Đà Lạt 
994 # # |a DLU 
900 # # |a True 
911 # # |a Nguyễn Thị Thu Phương 
925 # # |a G 
926 # # |a A 
927 # # |a BB 
980 # # |a Thư viện Trường Đại học Đà Lạt